000 00554nam a2200193 a 4500
001 23726
003 CO-ViMGA
008 141112s2004 ck r 000 u spa d
020 _a9789583023583
040 _aCO-ViMGA
_bspa
_cCO-ViMGA
082 0 4 _aJOLp
100 1 _aJolibois, Christian
_934313
245 1 0 _aLos pollitos, la bestia y el caballero /
_cChristian Jolibois
260 _aColombia :
_bpanAméricana
300 _a56p.
650 1 4 _a2 : POLLITOS CUENTOS INFANTILES
_934314
650 1 4 _aCUENTOS INFANTILES FRANCESES
_97840
942 _2ddc
_cBK
999 _c31820
_d31820